000 00727nam a2200205Ia 4500
999 _c34937
_d34937
003 GCL
005 20240530102843.0
008 140319s9999 xx 000 0 ara d
040 _aGCL /
_cGCL
082 0 4 _a691
_bت م
100 1 _aتوفيق احمد عبد الجواد
245 1 0 _aمواد البناء وطرق الانشاء فى المبانىMATERIALS METHODS OF BUILDING CONSTRUCTION /
_cتوفيق احمد عبد الجواد
260 _a[S.N] :
_bمكتبة الانجلوالمصرية ،
_c1984
300 _a330 ص
650 0 4 _aالهندسة المدنية
650 0 4 _aالاساسات
650 0 4 _aمواد البناء
700 1 _aمحمد توفيق عبدالجواد
942 _2ddc
_cBK